Sri Ramakrishna the great master / (Record no. 13858)

MARC details
000 -LEADER
fixed length control field 00946nam a22002537a 4500
005 - DATE AND TIME OF LATEST TRANSACTION
control field 20080623123917.0
008 - FIXED-LENGTH DATA ELEMENTS--GENERAL INFORMATION
fixed length control field 080618t xxu||||| |||| 00| 0 eng d
010 ## - LIBRARY OF CONGRESS CONTROL NUMBER
LC control number ENG-90380
020 ## - INTERNATIONAL STANDARD BOOK NUMBER
Terms of availability 95.00
International Standard Book Number 8178234830
035 ## - SYSTEM CONTROL NUMBER
System control number EN-73913
037 ## - SOURCE OF ACQUISITION
Source of stock number/acquisition DBAD / PUB
040 ## - CATALOGING SOURCE
Original cataloging agency DPL
Language of cataloging EN
082 ## - DEWEY DECIMAL CLASSIFICATION NUMBER
Classification number 181.45
100 ## - MAIN ENTRY--PERSONAL NAME
Personal name Saradananda, Swami
245 ## - TITLE STATEMENT
Title Sri Ramakrishna the great master /
Statement of responsibility, etc by Swami Saradananda; translated by Swami Jagadananda
260 ## - PUBLICATION, DISTRIBUTION, ETC. (IMPRINT)
Place of publication, distribution, etc Chennai
Name of publisher, distributor, etc Sri Ramakrishna Math
Date of publication, distribution, etc 2008
270 ## - ADDRESS
Address Mylapore,
City Chennai
Postal code 600004
300 ## - PHYSICAL DESCRIPTION
Extent xcvi, 1376p.
Dimensions 25 cm (Hb)
500 ## - GENERAL NOTE
General note Includes index
500 ## - GENERAL NOTE
General note This book originally written in Bengali in five volumes
700 ## - ADDED ENTRY--PERSONAL NAME
Personal name Swami Jagadananda
942 ## - ADDED ENTRY ELEMENTS (KOHA)
Koha item type English Books
Classification part 181.45
Source of classification or shelving scheme Dewey Decimal Classification
Call number suffix SAR
Holdings
Withdrawn status Lost status Damaged status Not for loan Collection code Home library Current library Date acquired Source of acquisition Cost, normal purchase price Total Checkouts Full call number Barcode Date last seen Copy number Cost, replacement price Price effective from Koha item type
      Not For Loan Non-fiction D.B.Act.Division D.B.Act.Division 23/06/2008 DBAD / PUB 95.00   181.45 SAR EN-73913 15/09/2008 1 95.00 15/09/2008 English Books

© Delhi Public Library
Hit Counter
free hit counter